000 00366nam a2200121Ia 4500
005 20251222154420.0
008 251222s9999||||xx |||||||||||||| ||spa||
020 _a978-9972-57-249-4
082 _a305.585/K79
100 _a"Kogan Cogan, LiubaFuchs, Rosa MaríaLay, Patricia"
245 0 _aNo pero sí: Discriminación en empresas de Lima Metropolitana
942 _cLIB
999 _c35988
_d35988